| 000 | 00891nam a2200241Ia 4500 | ||
|---|---|---|---|
| 003 | OSt | ||
| 005 | 20220923215409.0 | ||
| 006 | a|||||r|||| 00| 0 | ||
| 007 | ta | ||
| 008 | 220922b |||||||| |||| 00| 0 hin d | ||
| 024 | _a178,347 | ||
| 037 | _cTextual | ||
| 040 |
_aARTS _cARTS _bhin |
||
| 041 |
_2hin _ahin |
||
| 082 | _aO152,1M5:g, N0 | ||
| 100 | _aदेवेन्द्र | ||
| 245 | 0 | _aहिन्दी रीतिकविता के परिप्रेक्ष्य में कवि मन्डन का अध्ययन | |
| 246 | _aHindī rītikavitā ke pariprekṣhya mean kavi hinḍan kā adhyayana | ||
| 260 |
_aजोधुर _b राजस्थानी ग्रंन्थागार _c1990 |
||
| 300 |
_a328 पृ. _ccm. |
||
| 942 |
_hO152,1M5:g, N0 _cTEXL _2CC |
||
| 999 |
_c331729 _d331729 |
||